00685cam a22002171 45000010005000000030008000050050017000130080041000300350018000710350018000890400043001070410008001500820015001581000022001732450118001952600042003133000024003555040030003796500023004097000035004327087BD-RjUL20211208234349.0140113s1949 mau b 000 0 eng d a(BD-RjUL)7129 a(OCoLC)263057 aDLCcODaWUdOCoLCdDLCd(BD-RjUL)beng aeng00a361.8bWIS1 aWilson, Gertrude.10aSocial group work practice :bthe creative use of the social process /c[by] Gertrude Wilson [and] Gladys Ryland. aBoston,bHoughton Mifflin Co.c[1949] axii, 687 p.c23 cm. aBibliography: p. 623-675. 0aSocial group work.1 aRyland, Gladys,ejoint author.